Oscars : Année par Année - Statistiques

Statistiques générales
  • Ce quiz a été pris 117 fois
    21 depuis la dernière actualisation
  • Le résultat moyen est 34 sur 395
Statistiques - réponses
Réponse % Correct
Une Bataille Après l'Autre
100%
Paul Thomas Anderson
95%
Michael B. Jordan
89%
Anora
58%
Cillian Murphy
58%
Oppenheimer
58%
Christopher Nolan
53%
Everything Everywhere All at Once
53%
Jessie Buckley
53%
Sean Baker
47%
Coda
42%
Mikey Madison
42%
Adrien Brody
37%
Emma Stone
32%
Moonlight
32%
Nomadland
32%
Brendan Fraser
26%
Emma Stone
26%
Green Book: Sur les routes du Sud
26%
Parasite
26%
Chloé Zhao
21%
Damien Chazelle
21%
Daniels(Kwan & Scheinert)
21%
La Forme de l'eau
21%
Michelle Yeoh
21%
Spotlight
21%
Adrien Brody
16%
Alejandro González Iñárritu
16%
Birdman
16%
Bong Joon-Ho
16%
Frances McDormand
16%
Gladiator
16%
Guillermo del Toro
16%
Joaquin Phoenix
16%
Leonardo DiCaprio
16%
Russell Crowe
16%
Slumdog Millionaire
16%
Titanic
16%
Will Smith
16%
Alejandro González Iñárritu
11%
Alfonso Cuarón
11%
Ben-Hur
11%
Braveheart
11%
Charlton Heston
11%
Daniel Day-Lewis
11%
Daniel Day-Lewis
11%
Daniel Day-Lewis
11%
Danse avec les loups
11%
Démineurs
11%
Forrest Gump
11%
James Cameron
11%
Jane Campion
11%
Jean Dujardin
11%
Jessica Chastain
11%
Kathryn Bigelow
11%
La Liste de Schindler
11%
Le Discours d'un Roi
11%
Le Patient anglais
11%
Le Seigneur des Anneaux: Le Retour du Roi
11%
Le Silence des Agneaux
11%
Les Infiltrés
11%
Martin Scorsese
11%
Michel Hazanavicius
11%
Miss Daisy et son chauffeur
11%
Rain Man
11%
Rami Malek
11%
Renée Zellweger
11%
The Artist
11%
Tom Hanks
11%
Twelve Years a Slave
11%
Un homme d'exception
11%
William Wyler
11%
Alec Guinness
5%
Alfonso Cuarón
5%
À l'Ouest, rien de nouveau
5%
Al Pacino
5%
Amadeus
5%
American Beauty
5%
Ang Lee
5%
Ang Lee
5%
Anna Magnani
5%
Anne Bancroft
5%
Annie Hall
5%
Anthony Hopkins
5%
Anthony Hopkins
5%
Anthony Minghella
5%
Argo
5%
Art Carney
5%
Audrey Hepburn
5%
Autant en emporte le vent
5%
Barbra Streisand
5%
Barry Levinson
5%
Ben Kingsley
5%
Bernardo Bertolucci
5%
Bette Davis
5%
Bette Davis
5%
Billy Wilder
5%
Billy Wilder
5%
Bing Crosby
5%
Bob Fosse
5%
Brie Larson
5%
Broadway Melody
5%
Broderick Crawford
5%
Burt Lancaster
5%
Carol Reed
5%
Casablanca
5%
Casey Affleck
5%
Cate Blanchett
5%
Cavalcade
5%
Charles Laughton
5%
Charlize Theron
5%
Cher
5%
Chicago
5%
Clark Gable
5%
Claudette Colbert
5%
Cliff Robertson
5%
Clint Eastwood
5%
Clint Eastwood
5%
Colin Firth
5%
Collision
5%
Danny Boyle
5%
Dans la chaleur de la nuit
5%
David Lean
5%
David Lean
5%
David Niven
5%
Delbert Mann
5%
Denzel Washington
5%
Des gens comme les autres
5%
Diane Keaton
5%
Dustin Hoffman
5%
Dustin Hoffman
5%
Eddie Redmayne
5%
Elia Kazan
5%
Elia Kazan
5%
Elizabeth Taylor
5%
Elizabeth Taylor
5%
Ellen Burstyn
5%
Emil Jannings
5%
Emma Thompson
5%
Ernest Borgnine
5%
Ève
5%
Faye Dunaway
5%
F. Murray Abraham
5%
Forrest Whitaker
5%
Frances McDormand
5%
Frances McDormand
5%
Francis Ford Coppola
5%
Frank Borzage
5%
Frank Borzage
5%
Frank Capra
5%
Frank Capra
5%
Frank Capra
5%
Franklin Schaffner
5%
Frank Lloyd
5%
Frank Lloyd
5%
Fredric March
5%
Fredric March
5%
Fred Zinnemann
5%
Fred Zinnemann
5%
French Connection
5%
Gandhi
5%
Gary Cooper
5%
Gary Cooper
5%
Gary Oldman
5%
Gene Hackman
5%
Geoffrey Rush
5%
George Arliss
5%
George C. Scott
5%
George Cukor
5%
George Roy Hill
5%
George Stevens
5%
George Stevens
5%
Geraldine Page
5%
Gigi
5%
Ginger Rogers
5%
Glenda Jackson
5%
Glenda Jackson
5%
Grace Kelly
5%
Grand Hotel
5%
Greer Garson
5%
Gregory Peck
5%
Gwyneth Paltrow
5%
Halle Berry
5%
Hamlet
5%
Helen Hayes
5%
Helen Hunt
5%
Helen Mirren
5%
Henry Fonda
5%
Hilary Swank
5%
Hilary Swank
5%
Holly Hunter
5%
Humphrey Bogart
5%
Impitoyable
5%
Ingrid Bergman
5%
Ingrid Bergman
5%
Jack Lemmon
5%
Jack Nicholson
5%
Jack Nicholson
5%
James Cagney
5%
James L. Brooks
5%
James Stewart
5%
Jamie Foxx
5%
Jane Fonda
5%
Jane Fonda
5%
Janet Gaynor
5%
Jane Wyman
5%
Jeff Bridges
5%
Jennifer Jones
5%
Jennifer Lawrence
5%
Jeremy Irons
5%
Jessica Lange
5%
Jessica Tandy
5%
Joan Crawford
5%
Joan Fontaine
5%
Joanne Woodward
5%
Jodie Foster
5%
Jodie Foster
5%
Joel & Ethan Coen
5%
John Avildsen
5%
John Ford
5%
John Ford
5%
John Ford
5%
John Ford
5%
John Huston
5%
John Schlesinger
5%
John Wayne
5%
Jonathan Demme
5%
Jon Voight
5%
José Ferrer
5%
Joseph L. Mankiewicz
5%
Joseph L. Mankiewicz
5%
Judy Holliday
5%
Julianne Moore
5%
Julia Roberts
5%
Julie Andrews
5%
Julie Christie
5%
Kate Winslet
5%
Katharine Hepburn
5%
Katharine Hepburn
5%
Katharine Hepburn
5%
Katharine Hepburn
5%
Kathy Bates
5%
Kevin Costner
5%
Kevin Spacey
5%
Kramer contre Kramer
5%
La Garçonnière
5%
La Mélodie du bonheur
5%
L'Arnaque
5%
La route semée d'étoiles
5%
La Ruée vers l'Ouest
5%
Laurence Olivier
5%
La Vie d'Émile Zola
5%
Lawrence d'Arabie
5%
Le Dernier Empereur
5%
Lee Marvin
5%
Le Grand Ziegfeld
5%
Le Mur invisible
5%
Leo McCarey
5%
Leo McCarey
5%
Le Parrain
5%
Le Parrain 2
5%
Le Poison
5%
Le Pont de la rivière Kwai
5%
Les Ailes
5%
Les Chariots de feu
5%
Les Fous du roi
5%
Les Plus Belles Années de notre vie
5%
Les Révoltés du Bounty
5%
Le Tour du monde en 80 jours
5%
Lewis Milestone
5%
Lewis Milestone
5%
Lionel Barrymore
5%
Liza Minnelli
5%
Loretta Young
5%
Louise Fletcher
5%
Luise Rainer
5%
Luise Rainer
5%
Macadam Cowboy
5%
Madame Miniver
5%
Maggie Smith
5%
Marie Dressler
5%
Marion Cotillard
5%
Marlee Matlin
5%
Marlon Brando
5%
Marlon Brando
5%
Marty
5%
Mary Pickford
5%
Matthew McConaughey
5%
Maximilian Schell
5%
Mel Gibson
5%
Meryl Streep
5%
Meryl Streep
5%
Michael Cimino
5%
Michael Curtiz
5%
Michael Douglas
5%
Mike Nichols
5%
Million Dollar Baby
5%
Miloš Forman
5%
Miloš Forman
5%
My Fair Lady
5%
Natalie Portman
5%
New York-Miami
5%
Nicolas Cage
5%
Nicole Kidman
5%
No Country for Old Men
5%
Norman Taurog
5%
Norma Shearer
5%
Oliver !
5%
Oliver Stone
5%
Oliver Stone
5%
Olivia Colman
5%
Olivia de Havilland
5%
Olivia de Havilland
5%
Out of Africa
5%
Patricia Neal
5%
Patton
5%
Paul Lukas
5%
Paul Muni
5%
Paul Newman
5%
Paul Scofield
5%
Peter Finch
5%
Peter Jackson
5%
Philip Seymour-Hoffman
5%
Platoon
5%
Qu'elle était verte ma vallée
5%
Ray Milland
5%
Rebecca
5%
Reese Witherspoon
5%
Rex Harrison
5%
Richard Attenborough
5%
Richard Dreyfuss
5%
Robert Benton
5%
Robert De Niro
5%
Robert Donat
5%
Robert Duvall
5%
Roberto Benigni
5%
Robert Redford
5%
Robert Wise
5%
Robert Wise & Jerome Robbins
5%
Robert Zemeckis
5%
Rocky
5%
Rod Steiger
5%
Roman Polanski
5%
Ronald Colman
5%
Ron Howard
5%
Sally Field
5%
Sally Field
5%
Sam Mendes
5%
Sandra Bullock
5%
Sean Penn
5%
Sean Penn
5%
Shakespeare in Love
5%
Shirley Booth
5%
Shirley MacLaine
5%
Sidney Poitier
5%
Simone Signoret
5%
Sissy Spacek
5%
Sophia Loren
5%
Sous le plus grand chapiteau du monde
5%
Spencer Tracy
5%
Spencer Tracy
5%
Steven Soderbergh
5%
Steven Spielberg
5%
Steven Spielberg
5%
Sur les quais
5%
Susan Hayward
5%
Susan Sarandon
5%
Sydney Pollack
5%
Tant qu'il y aura des hommes
5%
Tendres Passions
5%
Tom Hanks
5%
Tom Hooper
5%
Tom Jones
5%
Tony Richardson
5%
Un Américain à Paris
5%
Un homme pour l'éternité
5%
Victor Fleming
5%
Victor McLaglen
5%
Vincente Minnelli
5%
Vivien Leigh
5%
Vivien Leigh
5%
Vol au-dessus d'un nid de coucou
5%
Vous ne l'emporterez pas avec vous
5%
Voyage au bout de l'enfer
5%
Wallace Beery
5%
Warner Baxter
5%
Warren Beatty
5%
West Side Story
5%
William Friedkin
5%
William Holden
5%
William Hurt
5%
William Wyler
5%
William Wyler
5%
Woody Allen
5%
Yul Brynner
5%
Aucun quiz correspondant
Distribution des résultats
% des personnes avec chaque résultat
Percentile par nombre de réponses
Votre historique - résultats
Vous n’avez pas pris ce quiz depuis la dernière actualisation